000 00357pab a2200145 454500
008 180718b1984 xxu||||| |||| 00| 0 eng d
100 _aMitra, Asok
245 _aPopulation and environmental degradation in India
260 _c1984
300 _a12-18
362 _aDec.
650 _aPopulation
773 _aIASSI Quarterly Newsletter
909 _a15483
999 _c15483
_d15483